| 000 | 00773nam a22001577a 4500 | ||
|---|---|---|---|
| 003 | OSt | ||
| 005 | 20161104105355.0 | ||
| 008 | 161104b xxu||||| |||| 00| 0 eng d | ||
| 040 | _cRUA | ||
| 082 | _aAGR HEA 2015 B520 Or.1 | ||
| 100 |
_911151 _aHEAN SAMOEUN; ហ៊ាន សាមឿន |
||
| 245 | _aEffect of biochar with compost on green mustard under comdition of the royal university of agriculture; ឥទ្ធិពលនៃធ្យូងអង្កាមលាយជាមួយកំប៉ុស្ដិ៏លើដំណាំស្ពៃខៀវក្នុងលក្ខខណ្ឌសាកលវិទ្យាល័យភូមិន្ទកសិកម្ម | ||
| 260 |
_aPhnom Penh _bHEA _c2015 |
||
| 300 |
_ax;31p. _bill. _c29c. |
||
| 942 |
_2ddc _cAGR |
||
| 999 |
_c10724 _d10724 |
||